| 000 | 00785nas a2200253 4500 | ||
|---|---|---|---|
| 001 | BR0802005 | ||
| 003 | BR-BrBNA | ||
| 005 | 20231205111903.0 | ||
| 007 | ta | ||
| 008 | 230509b bl.|||p| |||| 00| 00por d | ||
| 040 |
_aBR-BrBNA _bpor _cBiblioteca Nacional de Agricultura |
||
| 041 | _a(Pt) | ||
| 072 | _aSem Cat Prim; P31 | ||
| 100 | 1 | _aSouza, S.A. de | |
| 100 | 1 | _aBarros, Z.X. de | |
| 245 | 1 | _aProcessamento digital de fotografias aéreas para análise do uso do solo | |
| 650 | _aANÁLISE DO SOLO | ||
| 650 | _aAEROFOTOGRAMETRIA | ||
| 650 | _aUSO DA TERRA | ||
| 773 | 0 |
_tEnergia na Agricultura (Brazil) _xISSN 1808-8759 _g(2005), v. 20(4) p. 83-93 _wBR0802005 |
|
| 856 | 4 | 0 | _dLink DSPACE/MAPA BR0802005 |
| 909 |
_a202311 _bLúcia _c55 _dLúcia Elande |
||
| 942 |
_2AGRIS _n0 _cANA |
||
| 999 |
_c194972 _d194972 |
||